Mexico all time starting xi - Statistics

General Stats
  • This quiz has been taken 62 times
    13 since last reset
  • The average score is 5 of 11
Answer Stats
Hint Answer % Correct
FW(2009-2019 Javier Hernández
100%
GK(2005- Guillermo Ochoa
83%
FW(1995-2002 Luis Hernández
83%
DF(1997-2018 Rafael Márquez
67%
MF(2005-2022 Andrés Guardado
42%
FW(2013- Raúl Jiménez
42%
DF(2007-2023 Héctor Moreno
17%
DF(2004-2014 Carlos Salcido
8%
DF(1992-2006 Claudio Suárez
8%
MF(1996-2009 Pável Pardo
8%
MF(1993-2013 Gerardo Torrado
0%
No matching quizzes found
Score Distribution
Percent of People with Each Score
Percentile by Number Answered
Your Score History
You have not taken this quiz since the last reset